| 000 | nam a22 a 4500 | ||
|---|---|---|---|
| 999 |
_c1912 _d1912 |
||
| 005 | 20170512120105.0 | ||
| 008 | 170512b1982 xxu||||| |||| 00| 0 eng d | ||
| 020 | _a0802064639 | ||
| 040 | _aAKMAL | ||
| 082 | _a345.7105 ERI | ||
| 090 |
_a345.7105 _bERI |
||
| 100 |
_aEricson, Richard Victor. _93966 |
||
| 245 | 0 | 4 |
_aThe ordering of justice _ba study of accused persons as dependants in the criminal process / _cRichard V. Ericson, Patricia M. Baranek. |
| 260 |
_aToronto _aBuffalo _bPublished in association with the Centre of Criminology, University of Toronto by University of Toronto Press _cc1982. |
||
| 300 | _ccm | ||
| 650 |
_aCriminal procedure _zCanada. _93967 |
||
| 650 |
_aCriminal justice, Administration of _zCanada. _93968 |
||
| 650 |
_aPleas (Criminal procedure) _zCanada. _93969 |
||
| 650 |
_aCrime _zCanada. _93970 |
||
| 700 |
_aBaranek, Patricia M. _93971 |
||
| 942 |
_2ddc _cBOOK |
||